000 00450nam a2200145 4500
999 _c9953
_d9953
008 180723b ||||| |||| 00| 0 eng d
022 _a2094-8042
082 _aDPer 370.105 M72 Jan-Dec 2011
100 _929408
_aDe la Cruz, Clarybel Bonilla
245 _aLet's love/
_cClarybel Bonilla De la Cruz.
260 _aPhilippines;
_bIn The Grade School, Inc.,
_cc2011.
300 _av59 n9, pages 363;
_c27cm.
650 0 _929409
_aPoetry
942 _2ddc
_cPER